[Event "Oberliga Baden 2324"]
[Site "Germany"]
[Date "2024.04.14"]
[Round "9.6"]
[White "Pfatteicher, Lukas"]
[Black "Spahiu, Selami"]
[Result "1-0"]
[WhiteElo "2242"]
[BlackElo "1915"]
[PlyCount "87"]
[EventDate "2023.09.17"]
[EventType "team-tourn"]
[EventRounds "9"]
[EventCountry "GER"]
[SourceTitle "EXT 2025"]
[Source "ChessBase"]
[SourceDate "2024.10.14"]
[SourceVersion "1"]
[SourceVersionDate "2024.10.14"]
[SourceQuality "1"]
[WhiteTeam "Karlsruhe"]
[BlackTeam "Brombach"]
[WhiteTeamCountry "GER"]
[BlackTeamCountry "GER"]

1. d4 d5 2. c4 c6 3. cxd5 cxd5 4. Bf4 Nc6 5. e3 Nf6 6. Nc3 a6 7. Be2 e6 8. Rc1 Bd6 9. Bxd6 Qxd6 10. f4 0-0 11. Bd3 b5 12. Nf3 Bb7 13. 0-0 Ne7 14. Nd2 g6 15. Qf3 Rac8 16. Nb3 Nd7 17. g4 f5 18. g5 Rc7 19. h4 Nb6 20. Nc5 Nd7 21. b4 Qc6 22. a4 bxa4 23. b5 Qd6 24. bxa6 Bc6 25. N3xa4 Bxa4 26. Nxa4 Rxc1 27. Rxc1 Qa3 28. Qd1 Rc8 29. Ra1 Qd6 30. Bb5 Nc6 31. Qd2 Rc7 32. Rc1 Na7 33. Rxc7 Qxc7 34. Bxd7 Qxd7 35. Qb4 Nb5 36. Nc5 Qc6 37. Qa5 Nc7 38. a7 Na8 39. Qd8+ Kg7 40. Qe7+ Kg8 41. Kf2 Nc7 42. Nd7 Qc2+ 43. Kg3 h6 44. Nf6+ 1-0

[Event "Baden Baden op"]
[Site "Baden-Baden"]
[Date "2023.02.18"]
[Round "2"]
[White "Schmitt, Daniel"]
[Black "Pfatteicher, Lukas"]
[Result "1-0"]
[WhiteElo "2037"]
[BlackElo "2236"]
[PlyCount "107"]
[EventDate "2023.02.17"]
[EventType "swiss"]
[EventRounds "9"]
[EventCountry "GER"]
[SourceTitle "CBM 212 Extra"]
[Source "ChessBase"]
[SourceDate "2023.03.31"]
[SourceVersion "1"]
[SourceVersionDate "2023.03.31"]
[SourceQuality "1"]

1. e4 c5 2. Nf3 Nc6 3. Bb5 e6 4. 0-0 Qc7 5. Re1 Nf6 6. c3 a6 7. Bf1 b6 8. d4 cxd4 9. cxd4 d5 10. e5 Ne4 11. a3 a5 12. Nbd2 Bb7 13. Nxe4 dxe4 14. Rxe4 Be7 15. Re1 0-0 16. Be3 Rac8 17. Rc1 Rfd8 18. Qb3 Ba8 19. Ba6 Rb8 20. Bb5 Rbc8 21. Bc4 Qd7 22. Red1 a4 23. Qb5 Kf8 24. h3 h6 25. d5 exd5 26. Rxd5 Qf5 27. e6 Qf6 28. Rf5 Qg6 29. Rxf7+ Kg8 30. Qf5 Qxf5 31. Rxf5 Na5 32. Be2 Rxc1+ 33. Bxc1 Bd5 34. Be3 Bxe6 35. Rb5 Nc4 36. Bxc4 Bxc4 37. Rxb6 Rd1+ 38. Kh2 Bf6 39. Rb4 Bb3 40. Bd4 Be7 41. Rb8+ Kf7 42. Rb6 Bd5 43. Ne5+ Kg8 44. Bc3 Rf1 45. Ng4 Rd1 46. Rg6 Kf7 47. Rxg7+ Kf8 48. Rg6 Bg5 49. Kg3 Kf7 50. Ne5+ Ke7 51. f4 Bf6 52. Bb4+ Ke6 53. Ng4 h5 54. Rxf6+ 1-0

[Event "Baden Baden op"]
[Site "Baden-Baden"]
[Date "2023.02.17"]
[Round "1"]
[White "Pfatteicher, Lukas"]
[Black "Mattenberger, Dominik"]
[Result "1-0"]
[WhiteElo "2236"]
[BlackElo "1802"]
[PlyCount "95"]
[EventDate "2023.02.17"]
[EventType "swiss"]
[EventRounds "9"]
[EventCountry "GER"]
[SourceTitle "CBM 212 Extra"]
[Source "ChessBase"]
[SourceDate "2023.03.31"]
[SourceVersion "1"]
[SourceVersionDate "2023.03.31"]
[SourceQuality "1"]

1. d4 Nf6 2. c4 g6 3. Nc3 Bg7 4. e4 d6 5. f3 0-0 6. Nge2 Nc6 7. Be3 a6 8. Qd2 Rb8 9. h4 h5 10. Nc1 e5 11. d5 Nd4 12. Nb3 c5 13. dxc6 bxc6 14. Nxd4 exd4 15. Bxd4 c5 16. Be3 Qa5 17. Rc1 Nd7 18. b3 Ne5 19. Be2 Nc6 20. g4 Nd4 21. gxh5 Rxb3 22. Bxd4 cxd4 23. axb3 dxc3 24. Qg5 Qxg5 25. hxg5 gxh5 26. Rxh5 f5 27. gxf6 Bxf6 28. Bf1 Kf7 29. Rh7+ Ke8 30. Ke2 Be5 31. Bh3 Bxh3 32. Rxh3 Rg8 33. Kd3 Rg2 34. Rxc3 Bxc3 35. Kxc3 Kd7 36. Rh7+ Kc6 37. Rf7 Rg1 38. Rf6 Rc1+ 39. Kd2 Rb1 40. Kc2 Re1 41. b4 Kd7 42. b5 axb5 43. cxb5 Re3 44. Rf5 Ke6 45. b6 Kd7 46. Rb5 Kc8 47. b7+ Kb8 48. Rb3 1-0

[Event "Baden-Baden Autumn op"]
[Site "Baden-Baden"]
[Date "2022.11.06"]
[Round "6"]
[White "Pelt, Alexander"]
[Black "Pfatteicher, Lukas"]
[Result "0-1"]
[WhiteElo "2008"]
[BlackElo "2161"]
[PlyCount "100"]
[EventDate "2022.11.03"]
[EventType "swiss"]
[EventRounds "7"]
[EventCountry "GER"]
[SourceTitle "EXT 2024"]
[Source "ChessBase"]
[SourceDate "2023.10.10"]
[SourceVersion "1"]
[SourceVersionDate "2023.10.10"]
[SourceQuality "1"]

1. d4 d5 2. Nf3 Bf5 3. c4 e6 4. Nc3 c6 5. Bf4 Nd7 6. Qb3 Qb6 7. c5 Qxb3 8. axb3 a6 9. b4 Rc8 10. e3 Ngf6 11. h3 Be7 12. Be2 Ne4 13. 0-0 g5 14. Bh2 Nxc3 15. bxc3 h5 16. Nd2 g4 17. hxg4 hxg4 18. Nb3 Bd8 19. Na5 Bc7 20. Bxc7 Rxc7 21. Rfd1 Nb8 22. Bd3 Bxd3 23. Rxd3 f6 24. Rdd1 Rch7 25. Kf1 Kd8 26. Ke2 Kc7 27. Rg1 Rh2 28. Nb3 e5 29. Nd2 Nd7 30. Nf1 R2h7 31. Ng3 Nf8 32. Rh1 Ng6 33. Rxh7+ Rxh7 34. Rh1 Rxh1 35. Nxh1 exd4 36. cxd4 Nh4 37. f3 gxf3+ 38. gxf3 f5 39. Ng3 b6 40. Kd3 Nxf3 41. Nxf5 Ng5 42. Ng3 Kb7 43. Kc2 Nf3 44. Kc3 Ng5 45. Kc2 a5 46. cxb6 a4 47. Nf5 Ne4 48. Kb2 Kxb6 49. Ne7 Nd6 50. Kc3 Kb5 0-1

[Event "Baden-Baden Autumn op"]
[Site "Baden-Baden"]
[Date "2022.11.06"]
[Round "7"]
[White "Pfatteicher, Lukas"]
[Black "Krieger, Markus"]
[Result "1-0"]
[WhiteElo "2161"]
[BlackElo "2130"]
[PlyCount "121"]
[EventDate "2022.11.03"]
[EventType "swiss"]
[EventRounds "7"]
[EventCountry "GER"]
[SourceTitle "EXT 2024"]
[Source "ChessBase"]
[SourceDate "2023.10.10"]
[SourceVersion "1"]
[SourceVersionDate "2023.10.10"]
[SourceQuality "1"]

1. d4 d5 2. c4 dxc4 3. e4 b5 4. a4 c6 5. Nc3 b4 6. Nce2 Nf6 7. Ng3 e6 8. Bxc4 a5 9. Nf3 Be7 10. Bf4 Nbd7 11. 0-0 0-0 12. Qe2 Nb6 13. Bd3 Re8 14. b3 Bb7 15. Rac1 Nbd7 16. Rfd1 Rc8 17. Bc2 Nf8 18. Bg5 h6 19. Bf4 Ng6 20. Be3 Qc7 21. Qd2 Ng4 22. e5 Nxe3 23. fxe3 c5 24. Bxg6 fxg6 25. Qd3 Kh7 26. Ne4 Bxe4 27. Qxe4 Qa7 28. g4 Rf8 29. Kg2 Qa6 30. Rc4 cxd4 31. Rdxd4 Rxc4 32. Rxc4 Rc8 33. Rxc8 Qxc8 34. Qd3 Qc1 35. h4 Qc3 36. Qb1 Qxe3 37. h5 Bc5 38. hxg6+ Kg8 39. Qc2 Kf8 40. Qd2 Ke7 41. Qxe3 Bxe3 42. Kf1 Kd7 43. Ke2 Bc5 44. Kd3 Kc6 45. Ke4 Bb6 46. Ne1 Bd8 47. Nf3 Bb6 48. Nd2 Bd8 49. Nc4 Bc7 50. Kd4 Bb6+ 51. Ke4 Bc7 52. Ne3 Kd7 53. Ng2 Bb6 54. Nf4 Ke7 55. Kd3 Bc7 56. Kd4 Bb6+ 57. Kc4 Bc7 58. Nd3 Kd7 59. Kb5 Bd8 60. Nc5+ Ke8 61. Nxe6 1-0

[Event "Baden-Baden Autumn op"]
[Site "Baden-Baden"]
[Date "2022.11.05"]
[Round "5"]
[White "Korneev, Oleg"]
[Black "Pfatteicher, Lukas"]
[Result "1-0"]
[WhiteElo "2470"]
[BlackElo "2161"]
[PlyCount "53"]
[EventDate "2022.11.03"]
[EventType "swiss"]
[EventRounds "7"]
[EventCountry "GER"]
[SourceTitle "EXT 2024"]
[Source "ChessBase"]
[SourceDate "2023.10.10"]
[SourceVersion "1"]
[SourceVersionDate "2023.10.10"]
[SourceQuality "1"]

1. e4 c5 2. Nf3 d6 3. d4 cxd4 4. Nxd4 Nf6 5. Nc3 Nc6 6. Bg5 e6 7. Qd2 a6 8. 0-0-0 Bd7 9. f3 Nxd4 10. Qxd4 h6 11. Be3 Bc6 12. Qd2 b5 13. Ne2 d5 14. Nd4 Qc7 15. e5 Nd7 16. f4 Nc5 17. Bd3 b4 18. Kb1 Bd7 19. f5 Rb8 20. fxe6 fxe6 21. Rhf1 Na4 22. Qf2 Kd8 23. Qf7 Bc5 24. Nxe6+ Bxe6 25. Qxe6 Bxe3 26. Rf7 Nc3+ 27. bxc3 1-0

[Event "Baden-Baden Autumn op"]
[Site "Baden-Baden"]
[Date "2022.11.05"]
[Round "4"]
[White "Pfatteicher, Lukas"]
[Black "Solomunovic, Igor"]
[Result "1/2-1/2"]
[WhiteElo "2161"]
[BlackElo "2294"]
[PlyCount "153"]
[EventDate "2022.11.03"]
[EventType "swiss"]
[EventRounds "7"]
[EventCountry "GER"]
[SourceTitle "EXT 2024"]
[Source "ChessBase"]
[SourceDate "2023.10.10"]
[SourceVersion "1"]
[SourceVersionDate "2023.10.10"]
[SourceQuality "1"]

1. d4 Nf6 2. c4 g6 3. Nc3 d5 4. Nf3 Bg7 5. h4 c5 6. dxc5 Qa5 7. cxd5 0-0 8. Bd2 Qxc5 9. Be3 Qa5 10. Qd2 Rd8 11. Rd1 Nc6 12. a3 Nxd5 13. Nxd5 Rxd5 14. Qxa5 Rxd1+ 15. Kxd1 Nxa5 16. Bd4 Nc4 17. Bxg7 Kxg7 18. Kc1 Bf5 19. b3 Nxa3 20. e4 Bd7 21. Kb2 Nb5 22. Bd3 Rd8 23. Rc1 Be8 24. Bf1 Bc6 25. Rc2 Nd6 26. e5 Nf5 27. Be2 Rd7 28. g3 f6 29. exf6+ exf6 30. Rd2 Re7 31. Bd1 h6 32. Nh2 Be4 33. Bg4 h5 34. Bd1 Bc6 35. Kc3 Rd7 36. Rxd7+ Bxd7 37. Nf3 Kf7 38. Nd4 Nd6 39. Bf3 b6 40. Ne2 Be6 41. Nf4 Nb5+ 42. Kb4 Nd4 43. Be4 f5 44. Bd3 Kf6 45. Kc3 Nc6 46. Be2 Ne5 47. b4 a5 48. bxa5 bxa5 49. Bb5 Bf7 50. Kd4 Ng4 51. Nd3 Ke7 52. f3 Nf6 53. Ne5 Kf8 54. Kc5 Kg7 55. Nc6 Bd5 56. Nxa5 Bxf3 57. Kd4 Ba8 58. Bd3 Be4 59. Be2 Bb1 60. Bf3 Be4 61. Be2 Nd7 62. Nc4 Kf6 63. Ke3 Bc6 64. Nd2 Nc5 65. Bd3 f4+ 66. gxf4 Nxd3 67. Kxd3 Kf5 68. Ke3 Kg4 69. Nc4 Kxh4 70. Ne5 Be8 71. Kf2 Kh3 72. Kf3 Kh2 73. Kf2 h4 74. Nf3+ Kh3 75. Ne5 Kh2 76. Nf3+ Kh3 77. Ne5 1/2-1/2

[Event "Baden-ch 94th"]
[Site "Forst"]
[Date "2022.10.03"]
[Round "7"]
[White "Pfatteicher, Lukas"]
[Black "Scherer, Max"]
[Result "1-0"]
[WhiteElo "2144"]
[BlackElo "2144"]
[PlyCount "95"]
[EventDate "2022.09.30"]
[EventType "swiss"]
[EventRounds "7"]
[EventCountry "GER"]
[SourceTitle "CBM 210 Extra"]
[Source "ChessBase"]
[SourceDate "2022.11.30"]
[SourceVersion "1"]
[SourceVersionDate "2022.11.30"]
[SourceQuality "1"]

1. e4 e6 2. d4 b6 3. Bd3 Bb7 4. Nf3 c5 5. c3 Nf6 6. Qe2 Be7 7. e5 Nd5 8. c4 Nc7 9. dxc5 bxc5 10. Nc3 Nc6 11. 0-0 h6 12. Ne4 d5 13. exd6 Bxd6 14. Nxd6+ Qxd6 15. Be4 0-0-0 16. Be3 e5 17. b4 Nd4 18. Bxb7+ Kxb7 19. Bxd4 exd4 20. bxc5 Qxc5 21. Rab1+ Kc8 22. Qe4 Rd6 23. Qb7+ Kd7 24. Rfe1 Re8 25. Rxe8 Kxe8 26. Qc8+ Ke7 27. Rb7 Rd7 28. Rb1 Qa5 29. c5 d3 30. Ne5 Qa4 31. Qxd7+ Qxd7 32. Nxd7 Kxd7 33. Rd1 Nd5 34. Rxd3 Kc6 35. Ra3 Kb7 36. Kf1 a6 37. Ke2 g6 38. g3 h5 39. Kd3 Nb4+ 40. Kc4 Nc6 41. f4 a5 42. Rb3+ Kc7 43. Rb6 h4 44. gxh4 Kd7 45. a3 Kc7 46. Kb5 Nd4+ 47. Kxa5 Nc6+ 48. Rxc6+ 1-0

[Event "Oberliga Baden 2122"]
[Site "Germany"]
[Date "2022.04.09"]
[Round "10.3"]
[White "Lanka, Zigurds"]
[Black "Pfatteicher, Lukas"]
[Result "1-0"]
[WhiteElo "2385"]
[BlackElo "2153"]
[PlyCount "71"]
[EventDate "2021.10.10"]
[EventType "team-tourn"]
[EventRounds "11"]
[EventCountry "GER"]
[SourceTitle "EXT 2023"]
[Source "ChessBase"]
[SourceDate "2022.10.05"]
[SourceVersion "1"]
[SourceVersionDate "2022.10.05"]
[SourceQuality "1"]
[WhiteTeam "Viernheim II"]
[BlackTeam "Karlsruhe"]
[WhiteTeamCountry "GER"]
[BlackTeamCountry "GER"]

1. c4 g6 2. Nc3 Bg7 3. g3 c5 4. Bg2 Nc6 5. e4 Nd4 6. Nge2 d6 7. h3 e6 8. d3 Ne7 9. Nxd4 cxd4 10. Ne2 e5 11. Bd2 0-0 12. g4 f5 13. exf5 gxf5 14. Ng3 Ng6 15. Nxf5 Bxf5 16. gxf5 Rxf5 17. Be4 Rf8 18. Qh5 Qh4 19. Qxh4 Nxh4 20. Bxb7 Rab8 21. Bd5+ Kh8 22. Bc1 Rf6 23. Ke2 Rbf8 24. Rh2 Nf3 25. Bxf3 Rxf3 26. Bg5 e4 27. Rd1 Be5 28. Rg2 Rxd3 29. Rxd3 exd3+ 30. Kxd3 Rf3+ 31. Ke4 Rxh3 32. c5 d3 33. cxd6 d2 34. Bxd2 Bxb2 35. d7 Rh4+ 36. f4 1-0

[Event "Baden-Baden Swiss 1st"]
[Site "Baden-Baden"]
[Date "2021.09.13"]
[Round "8"]
[White "Pfatteicher, Lukas"]
[Black "Von Mettenheim, Johannes"]
[Result "1/2-1/2"]
[WhiteElo "2212"]
[BlackElo "2031"]
[PlyCount "193"]
[EventDate "2021.09.09"]
[EventType "swiss"]
[EventRounds "9"]
[EventCountry "GER"]
[SourceTitle "CBM 204 Extra"]
[Source "ChessBase"]
[SourceDate "2021.11.30"]
[SourceVersion "1"]
[SourceVersionDate "2021.11.30"]
[SourceQuality "1"]

1. d4 Nf6 2. Nf3 e6 3. c4 d5 4. Nc3 dxc4 5. e3 c5 6. Bxc4 a6 7. a4 cxd4 8. exd4 Be7 9. 0-0 0-0 10. Qe2 Nc6 11. Rd1 Nb4 12. Bg5 Bd7 13. Ne5 h6 14. Bd2 Bc6 15. Rac1 Nfd5 16. Nxc6 Nxc6 17. Nxd5 exd5 18. Bd3 Bg5 19. Qg4 Bxd2 20. Rxd2 Qa5 21. Rdd1 Qxa4 22. h4 Ne5 23. Qf5 Nxd3 24. Rxd3 Rad8 25. h5 Qd7 26. Qf4 Qd6 27. Qf5 Qe6 28. Qf4 Qe4 29. Qd2 Qf5 30. Rc7 Rd7 31. Rdc3 Rxc7 32. Rxc7 Qxh5 33. Rxb7 Re8 34. Rb6 Re4 35. Rxa6 Rh4 36. f3 Rh1+ 37. Kf2 Qh4+ 38. Ke3 Re1+ 39. Kd3 Qh1 40. Kc3 Rc1+ 41. Kb3 Qf1 42. Ra8+ Kh7 43. Ra4 g6 44. Rb4 Kg7 45. Ka3 Ra1+ 46. Kb3 Rd1 47. Qc2 Rc1 48. Qd2 h5 49. Ka3 Ra1+ 50. Kb3 Rd1 51. Qc2 Rc1 52. Qd2 h4 53. Ka3 Ra1+ 54. Kb3 Rd1 55. Qg5 Qd3+ 56. Ka2 Qb1+ 57. Kb3 Rd3+ 58. Ka4 Qa2+ 59. Kb5 f6 60. Qxh4 Qa7 61. Kc6 Qa6+ 62. Kc7 Qa5+ 63. Rb6 g5 64. Qg4 Rb3 65. Qd7+ Kh6 66. Qc6 Qa7+ 67. Qb7 Qa5 68. Qa6 Qxa6 69. Rxa6 Kg6 70. Rb6 Rd3 71. Kd6 Rxd4 72. Ke7 Rd2 73. Rxf6+ Kg7 74. Rf5 Kg6 75. g4 Rxb2 76. Rxd5 Rb3 77. Rf5 Rb7+ 78. Kd6 Ra7 79. Kc6 Ra6+ 80. Kb5 Rd6 81. Kc4 Ra6 82. Rd5 Ra4+ 83. Kd3 Ra3+ 84. Ke4 Ra4+ 85. Rd4 Ra5 86. Rd6+ Kg7 87. Rd5 Ra4+ 88. Kf5 Rf4+ 89. Kxg5 Rxf3 90. Rd7+ Kg8 91. Kg6 Rf8 92. g5 Ra8 93. Kh6 Ra6+ 94. g6 Ra8 95. g7 Ra6+ 96. Kg5 Rg6+ 97. Kxg6 1/2-1/2

[Event "Baden-Baden Swiss 1st"]
[Site "Baden-Baden"]
[Date "2021.09.11"]
[Round "5"]
[White "Mattenberger, Matthias"]
[Black "Pfatteicher, Lukas"]
[Result "0-1"]
[WhiteElo "2003"]
[BlackElo "2212"]
[PlyCount "40"]
[EventDate "2021.09.09"]
[EventType "swiss"]
[EventRounds "9"]
[EventCountry "GER"]
[SourceTitle "CBM 204 Extra"]
[Source "ChessBase"]
[SourceDate "2021.11.30"]
[SourceVersion "1"]
[SourceVersionDate "2021.11.30"]
[SourceQuality "1"]

1. d4 Nf6 2. c4 d6 3. Nc3 e5 4. dxe5 dxe5 5. Qxd8+ Kxd8 6. Nf3 Nbd7 7. Bg5 c6 8. e3 Bb4 9. Bxf6+ gxf6 10. Kd2 Nc5 11. Rc1 Bxc3+ 12. bxc3 Ke7 13. Ne1 Ne4+ 14. Ke2 Be6 15. Nd3 Bxc4 16. Ke1 Rhd8 17. Nb4 Bxf1 18. Rxf1 a5 19. Nc2 Nxc3 20. a3 Rd3 0-1

[Event "Baden-Baden Swiss 1st"]
[Site "Baden-Baden"]
[Date "2021.09.09"]
[Round "1"]
[White "Parvanyan, Ashot"]
[Black "Pfatteicher, Lukas"]
[Result "1/2-1/2"]
[WhiteElo "2460"]
[BlackElo "2212"]
[PlyCount "88"]
[EventDate "2021.09.09"]
[EventType "swiss"]
[EventRounds "9"]
[EventCountry "GER"]
[SourceTitle "CBM 204 Extra"]
[Source "ChessBase"]
[SourceDate "2021.11.30"]
[SourceVersion "1"]
[SourceVersionDate "2021.11.30"]
[SourceQuality "1"]

1. Nf3 Nf6 2. c4 g6 3. Nc3 Bg7 4. e4 d6 5. d4 0-0 6. h3 e5 7. d5 a5 8. g4 Na6 9. Be3 Nd7 10. a3 Nb6 11. Rg1 Bd7 12. b3 Qe7 13. Rb1 Nc5 14. b4 axb4 15. axb4 Nba4 16. Nxa4 Bxa4 17. Qc1 Nxe4 18. Bh6 c6 19. Bxg7 Kxg7 20. dxc6 Bxc6 21. Qe3 Nf6 22. Bg2 Qe6 23. Rc1 Ra4 24. b5 Bxf3 25. Bxf3 e4 26. Be2 Nd7 27. Kf1 Rfa8 28. Kg2 Ra2 29. Rgd1 Qe5 30. Rd5 R8a3 31. Qxa3 Rxa3 32. Rxe5 Nxe5 33. Rd1 Ra2 34. Kf1 f5 35. gxf5 gxf5 36. Rxd6 f4 37. Bh5 Ra1+ 38. Kg2 Ra2 39. Re6 f3+ 40. Kg3 e3 41. Bxf3 exf2 42. Bg2 Nxc4 43. Re4 Nd6 44. Rf4 Nxb5 1/2-1/2

[Event "Baden-ch 92nd"]
[Site "Pforzheim"]
[Date "2020.09.10"]
[Round "3"]
[White "Schlenker, Joerg"]
[Black "Pfatteicher, Lukas"]
[Result "1-0"]
[WhiteElo "2174"]
[BlackElo "2179"]
[PlyCount "77"]
[EventDate "2020.09.09"]
[EventType "swiss"]
[EventRounds "7"]
[EventCountry "GER"]
[SourceTitle "EXT 2021"]
[Source "ChessBase"]
[SourceDate "2020.10.23"]
[SourceVersion "1"]
[SourceVersionDate "2020.10.23"]
[SourceQuality "1"]

1. d4 Nf6 2. Nc3 e6 3. Bg5 d5 4. a3 c5 5. e3 Nc6 6. Nf3 cxd4 7. exd4 Be7 8. Bd3 Bd7 9. 0-0 0-0 10. Re1 Qb6 11. b4 Rac8 12. Na4 Qd8 13. Nc5 b6 14. Nb3 Ne8 15. Bf4 Bd6 16. Qd2 Qc7 17. Bg5 f6 18. Bh4 Bf4 19. Qe2 Nd6 20. Bg3 Bxg3 21. hxg3 Rce8 22. b5 Nd8 23. a4 N8f7 24. Qd2 e5 25. dxe5 fxe5 26. Bf1 d4 27. Rac1 Qb7 28. Qb4 Bg4 29. Nxe5 Be6 30. Nxd4 Bd5 31. Nec6 Qd7 32. c4 Be4 33. c5 Nf5 34. cxb6 axb6 35. Nxf5 Qxf5 36. Ne7+ Rxe7 37. Qxe7 Ne5 38. f4 Ng4 39. Rxe4 1-0

[Event "GER Cup Net V4 U2400"]
[Site "Playchess.com INT"]
[Date "2020.05.31"]
[Round "9"]
[White "Troyke, Christian"]
[Black "Pfatteicher, Lukas"]
[Result "1-0"]
[WhiteElo "2229"]
[BlackElo "1872"]
[PlyCount "49"]
[EventDate "2020.05.31"]
[EventType "swiss (blitz)"]
[EventRounds "9"]
[EventCountry "GER"]
[SourceTitle "EXT 2021"]
[Source "ChessBase"]
[SourceDate "2020.10.23"]
[SourceVersion "1"]
[SourceVersionDate "2020.10.23"]
[SourceQuality "1"]

1. g3 d5 2. Bg2 Nc6 3. c4 d4 4. Nf3 e5 5. d3 Nge7 6. 0-0 Ng6 7. e3 Be7 8. exd4 exd4 9. Na3 0-0 10. Nc2 a5 11. b3 Be6 12. Bb2 Bc5 13. a3 Qd7 14. Re1 Rae8 15. Qd2 Bf5 16. b4 axb4 17. axb4 Be7 18. b5 Nb8 19. Nfxd4 Bf6 20. Bxb7 Ne5 21. Nxf5 Qxf5 22. Bxe5 Bxe5 23. Rad1 Bd4 24. Nxd4 Rxe1+ 25. Rxe1 1-0

[Event "GER Cup Net V4 U2400"]
[Site "Playchess.com INT"]
[Date "2020.05.31"]
[Round "3"]
[White "Zimmermann, Rene"]
[Black "Pfatteicher, Lukas"]
[Result "0-1"]
[WhiteElo "2060"]
[BlackElo "1872"]
[PlyCount "82"]
[EventDate "2020.05.31"]
[EventType "swiss (blitz)"]
[EventRounds "9"]
[EventCountry "GER"]
[SourceTitle "EXT 2021"]
[Source "ChessBase"]
[SourceDate "2020.10.23"]
[SourceVersion "1"]
[SourceVersionDate "2020.10.23"]
[SourceQuality "1"]

1. d4 Nf6 2. c3 b6 3. Bg5 Ne4 4. Bf4 Bb7 5. Nd2 e6 6. e3 f5 7. h3 Be7 8. Ngf3 0-0 9. Be2 d6 10. Nxe4 Bxe4 11. Qb3 Qd7 12. Bc4 d5 13. Be2 Bxf3 14. Bxf3 c5 15. 0-0-0 c4 16. Qc2 b5 17. g4 a5 18. gxf5 exf5 19. Rhg1 b4 20. Be5 g6 21. Rg2 Nc6 22. Bf4 a4 23. h4 b3 24. axb3 cxb3 25. Qd3 a3 26. bxa3 Rxa3 27. Qb5 Ra1+ 28. Kd2 Rxd1+ 29. Bxd1 Bxh4 30. Bxb3 Rd8 31. Ba4 Rc8 32. Bb3 Rd8 33. Ke2 Nxd4+ 34. cxd4 Qxb5+ 35. Kf3 Qxb3 36. Rh2 Bf6 37. Rh1 Qd3 38. Re1 Qe4+ 39. Ke2 Ra8 40. Kf1 Ra2 41. Bg3 Qh1# 0-1

[Event "GER Cup Net V3 U2400"]
[Site "Playchess.com INT"]
[Date "2020.05.27"]
[Round "2"]
[White "Pfatteicher, Lukas"]
[Black "Wehner, Roland"]
[Result "0-1"]
[WhiteElo "1833"]
[BlackElo "2018"]
[PlyCount "120"]
[EventDate "2020.05.27"]
[EventType "swiss (blitz)"]
[EventRounds "9"]
[EventCountry "GER"]
[SourceTitle "EXT 2021"]
[Source "ChessBase"]
[SourceDate "2020.10.23"]
[SourceVersion "1"]
[SourceVersionDate "2020.10.23"]
[SourceQuality "1"]

1. e4 g6 2. d4 Bg7 3. Nf3 c6 4. d5 Nf6 5. Nc3 0-0 6. Be2 d6 7. h3 e5 8. dxe6 Bxe6 9. Bf4 d5 10. e5 Ne4 11. Nxe4 dxe4 12. Ng5 Qa5+ 13. Qd2 Qxd2+ 14. Kxd2 Nd7 15. Nxe4 Nxe5 16. c3 Rad8+ 17. Ke1 Bf5 18. Ng3 Nd3+ 19. Bxd3 Bxd3 20. Rd1 Rfe8+ 21. Kd2 Be2+ 22. Kc1 Rxd1+ 23. Rxd1 Bxd1 24. Kxd1 f5 25. Be3 Kf7 26. h4 a6 27. h5 Be5 28. hxg6+ hxg6 29. Ne2 Rh8 30. Kd2 Rh1 31. Kd3 b5 32. g3 Ke6 33. Bb6 Kd5 34. Ba7 Rd1+ 35. Kc2 Ra1 36. a3 c5 37. Kd3 Rd1+ 38. Kc2 Rf1 39. Kd2 Rxf2 40. b4 Bxg3 41. Bxc5 Rg2 42. Kd3 g5 43. Nd4 f4 44. a4 Bf2 45. Nb3 Bxc5 46. Nxc5 bxa4 47. Nxa4 f3 48. c4+ Kc6 49. Ke3 g4 50. Nc5 Re2+ 51. Kd3 a5 52. Nb3 a4 53. b5+ Kc7 54. Nd4 a3 55. c5 a2 56. b6+ Kd7 57. c6+ Kd6 58. b7 Rb2 59. Nc2 Kxc6 60. Kc3 Rxb7 0-1

[Event "GER Cup Net V3 U2400"]
[Site "Playchess.com INT"]
[Date "2020.05.27"]
[Round "3"]
[White "Von Herman, Brigitte"]
[Black "Pfatteicher, Lukas"]
[Result "0-1"]
[WhiteElo "1746"]
[BlackElo "1819"]
[PlyCount "70"]
[EventDate "2020.05.27"]
[EventType "swiss (blitz)"]
[EventRounds "9"]
[EventCountry "GER"]
[SourceTitle "EXT 2021"]
[Source "ChessBase"]
[SourceDate "2020.10.23"]
[SourceVersion "1"]
[SourceVersionDate "2020.10.23"]
[SourceQuality "1"]

1. e4 c5 2. c3 Nf6 3. e5 Nd5 4. d4 cxd4 5. Nf3 d6 6. cxd4 dxe5 7. Nxe5 Nc6 8. Bb5 Qb6 9. Qe2 Be6 10. 0-0 g6 11. Nc3 Bg7 12. a4 0-0 13. Be3 Nxe5 14. dxe5 Nxe3 15. fxe3 Bxe5 16. Rab1 Rac8 17. Kh1 Rfd8 18. Qf3 a6 19. Be2 Qb4 20. e4 Rd2 21. Nd5 Bxd5 22. exd5 Rf8 23. b3 Qd6 24. h3 Qxd5 25. Bc4 Qxf3 26. Rxf3 Bf6 27. Rbf1 Rfd8 28. g4 h6 29. h4 g5 30. hxg5 hxg5 31. Re3 Kg7 32. Rff3 e6 33. Rh3 Rf2 34. Kg1 Rdd2 35. Rhg3 Bd4 0-1

[Event "GER Cup Net V2 U2400"]
[Site "Playchess.com INT"]
[Date "2020.05.22"]
[Round "3"]
[White "Koelle, Tobias"]
[Black "Pfatteicher, Lukas"]
[Result "1/2-1/2"]
[WhiteElo "1987"]
[BlackElo "1670"]
[PlyCount "120"]
[EventDate "2020.05.22"]
[EventType "swiss (blitz)"]
[EventRounds "9"]
[EventCountry "GER"]
[SourceTitle "EXT 2021"]
[Source "ChessBase"]
[SourceDate "2020.10.23"]
[SourceVersion "1"]
[SourceVersionDate "2020.10.23"]
[SourceQuality "1"]

1. d4 Nf6 2. c4 e6 3. Nf3 c5 4. d5 exd5 5. cxd5 d6 6. Nc3 g6 7. Bf4 Bg7 8. Qa4+ Bd7 9. Qb3 b5 10. Bxd6 Qb6 11. Be5 0-0 12. e3 c4 13. Qb4 Rc8 14. Be2 Na6 15. Qd6 Qxd6 16. Bxd6 b4 17. Nd1 Nxd5 18. 0-0 Rc6 19. Be5 f6 20. Bd4 Nac7 21. Rc1 c3 22. bxc3 bxc3 23. Nxc3 Nxc3 24. Rxc3 Rxc3 25. Bxc3 Rb8 26. Nd4 f5 27. Bd3 Kh8 28. Rb1 Rxb1+ 29. Bxb1 Nd5 30. Bd2 Kg8 31. Bc2 Kf8 32. Bb3 Nb6 33. Bb4+ Ke8 34. h4 Be5 35. h5 Nc8 36. h6 Ne7 37. Ne6 Bf6 38. Nc7+ Kd8 39. Nd5 Bg5 40. Nxe7 Bxe7 41. Bxe7+ Kxe7 42. Bg8 Kf6 43. Bxh7 Be6 44. a3 Kg5 45. f3 Kxh6 46. Bxg6 Kxg6 47. g4 fxg4 48. fxg4 Bxg4 49. Kf2 Kf5 50. Ke1 Ke5 51. Kd2 Kd5 52. Kc3 Ke4 53. Kb2 Kxe3 54. Ka1 Kd3 55. Kb2 Kc4 56. Ka1 Kb3 57. Kb1 a5 58. Ka1 Be6 59. Kb1 Kxa3 60. Ka1 Ba2 1/2-1/2

[Event "Verbandsliga Nordbaden 1920"]
[Site "Baden"]
[Date "2020.03.08"]
[Round "7.2"]
[White "Pfatteicher, Lukas"]
[Black "Pfleger, Michael"]
[Result "0-1"]
[WhiteElo "2149"]
[BlackElo "2198"]
[PlyCount "78"]
[EventDate "2019.09.29"]
[EventType "team-tourn"]
[EventRounds "9"]
[EventCountry "GER"]
[SourceTitle "EXT 2021"]
[Source "ChessBase"]
[SourceDate "2020.10.23"]
[SourceVersion "1"]
[SourceVersionDate "2020.10.23"]
[SourceQuality "1"]
[WhiteTeam "Karlsruhe"]
[BlackTeam "Bad Mergentheim II"]
[WhiteTeamCountry "GER"]
[BlackTeamCountry "GER"]

1. d4 c5 2. d5 d6 3. e4 g6 4. Bb5+ Nd7 5. a4 Bg7 6. f4 a6 7. Bd3 Ngf6 8. Nc3 Qa5 9. Bd2 Qc7 10. Qe2 Nb6 11. b3 Bg4 12. Nf3 Rc8 13. Bc4 Nh5 14. Qe3 Nxc4 15. bxc4 0-0 16. h3 Bxf3 17. Qxf3 e6 18. 0-0 Rce8 19. Rab1 Qd7 20. Rb6 exd5 21. Nxd5 Qxa4 22. Qd3 Bd4+ 23. Kh2 g5 24. c3 Bg7 25. fxg5 Be5+ 26. Kg1 Ng3 27. Nf6+ Kh8 28. Re1 Re6 29. Qf3 Qc2 30. Be3 Qxc3 31. Bf2 Qxf3 32. gxf3 Bxf6 33. gxf6 Nh5 34. Rxb7 Rxf6 35. Re3 Nf4 36. Be1 Rg6+ 37. Kh1 Rfg8 38. Bc3+ f6 39. Re1 Rh6 0-1